00259nam a2200109Ia 4500008004100000100001600041245004000057260002200097300000800119942000700127999001500134190216s9999||||xx |||||||||||||| ||und|| aDas Gupta P 0aAnnual Accounts Under Vertical Form bKalyani Pubc1980 a35p cBK c5040d5040